[Event "UK Armed Forces ch"]
[Site "Wittering"]
[Date "2023.04.17"]
[Round "7.23"]
[White "Hill, Thomas"]
[Black "Lock, Benedict"]
[Result "1-0"]
[WhiteElo "1450"]
[BlackElo "1200"]
[PlyCount "57"]
[EventDate "2023.04.14"]
[EventType "swiss"]
[EventRounds "7"]
[EventCountry "ENG"]
[SourceVersionDate "2023.04.22"]

1. e4 c5 2. Nc3 Nc6 3. f4 e6 4. Bc4 g6 5. Nf3 Bg7 6. d4 cxd4 7. Nxd4 Nxd4 8. e5
Nf5 9. O-O h5 10. Bd3 Nge7 11. Ne4 Nd5 12. Qe2 O-O 13. Ng5 f6 14. exf6 Bxf6 15.
Bxf5 Kg7 16. Bxe6 dxe6 17. Nxe6+ Bxe6 18. Qxe6 Re8 19. Qh3 Qb6+ 20. Kh1 Qe6 21.
Qd3 Re7 22. Bd2 Rae8 23. c3 Nxf4 24. Bxf4 Qe1 25. Raxe1 Rxe1 26. Qf3 R8e2 27.
Bg3 Re3 28. Qxb7+ Be7 29. Bxe1 1-0

[Event "UK Armed Forces ch"]
[Site "Wittering"]
[Date "2023.04.17"]
[Round "7.26"]
[White "Knipe, Matthew"]
[Black "Pitchers, Michael"]
[Result "1-0"]
[WhiteElo "1654"]
[BlackElo "1348"]
[PlyCount "75"]
[EventDate "2023.04.14"]
[EventType "swiss"]
[EventRounds "7"]
[EventCountry "ENG"]
[SourceVersionDate "2023.04.22"]

1. e4 d5 2. exd5 Nf6 3. Nf3 Qxd5 4. c4 Qd8 5. Be2 e6 6. O-O Bd6 7. d4 b6 8. Bg5
Be7 9. Nc3 Bb7 10. Ne5 O-O 11. f3 Nbd7 12. Bf4 c5 13. dxc5 Bxc5+ 14. Kh1 h6 15.
Qc2 Nxe5 16. Bxe5 Qe7 17. Rad1 Rad8 18. Nb5 Rxd1 19. Rxd1 Rd8 20. a3 Rxd1+ 21.
Qxd1 Nd7 22. Bd4 Bxd4 23. Qxd4 e5 24. Qd6 Qxd6 25. Nxd6 Bc6 26. Kg1 Nf6 27. Nc8
e4 28. fxe4 Nxe4 29. Bf3 f5 30. Ne7+ Kh7 31. Nxc6 Nd2 32. Bd5 a5 33. Kf2 g5 34.
Nd4 Kg6 35. Ke2 Ne4 36. Bxe4 fxe4 37. Ke3 h5 38. Kxe4 1-0

[Event "UK Armed Forces ch"]
[Site "Wittering"]
[Date "2023.04.17"]
[Round "7.27"]
[White "Simpson, Jack"]
[Black "Robb-Jones, Miles"]
[Result "1/2-1/2"]
[WhiteElo "1500"]
[BlackElo "1235"]
[PlyCount "43"]
[EventDate "2023.04.14"]
[EventType "swiss"]
[EventRounds "7"]
[EventCountry "ENG"]
[SourceVersionDate "2023.04.22"]

1. e4 d5 2. exd5 Nf6 3. Nc3 Nxd5 4. Nxd5 Qxd5 5. Nf3 e5 6. d3 Nc6 7. c4 Qa5+ 8.
Bd2 Bb4 9. Bxb4 Qxb4+ 10. Qd2 Qxd2+ 11. Nxd2 Nd4 12. O-O-O O-O 13. h3 Bf5 14.
g4 Bg6 15. Ne4 Bxe4 16. dxe4 f6 17. c5 a6 18. Bc4+ Kh8 19. f4 b5 20. cxb6 cxb6
21. Kb1 b5 22. Bd5 1/2-1/2

[Event "UK Armed Forces ch"]
[Site "Wittering"]
[Date "2023.04.17"]
[Round "7.28"]
[White "Searle, Tristan"]
[Black "Murray, Thomas"]
[Result "1-0"]
[WhiteElo "1345"]
[BlackElo "1437"]
[PlyCount "93"]
[EventDate "2023.04.14"]
[EventType "swiss"]
[EventRounds "7"]
[EventCountry "ENG"]
[SourceVersionDate "2023.04.22"]

1. e4 d5 2. exd5 Qxd5 3. Nc3 Qd8 4. d4 e6 5. a3 Nf6 6. Nf3 Be7 7. Bc4 O-O 8.
O-O a6 9. d5 exd5 10. Nxd5 Nxd5 11. Bxd5 Bg4 12. Bf4 c6 13. Be4 Nd7 14. Qe1 Nf6
15. Ne5 Nxe4 16. Qxe4 Bh5 17. Qd3 Qxd3 18. Nxd3 Rad8 19. Rae1 Rfe8 20. Re3 f6
21. Rfe1 Kf7 22. f3 g5 23. Bc7 Rd7 24. Bb6 Rg8 25. Nc5 Bxc5 26. Bxc5 Kg6 27. g4
Rd2 28. R1e2 Rxe2 29. Rxe2 Rg7 30. b4 Rd7 31. c3 Rd1+ 32. Kf2 Bxg4 33. fxg4 h5
34. h3 Rd3 35. Re3 Rd2+ 36. Kf3 h4 37. a4 Rh2 38. Ke4 Rf2 39. Rf3 Re2+ 40. Kd3
Rg2 41. Bd4 Rg3 42. Rxg3 hxg3 43. Ke3 g2 44. Kf3 g1=Q 45. Bxg1 Kf7 46. Ke4 Ke6
47. Bd4 1-0

[Event "UK Armed Forces ch"]
[Site "Wittering"]
[Date "2023.04.17"]
[Round "7.29"]
[White "Eddershaw, John HT"]
[Black "Peacock, Christopher"]
[Result "1-0"]
[WhiteElo "1356"]
[BlackElo "1041"]
[PlyCount "79"]
[EventDate "2023.04.14"]
[EventType "swiss"]
[EventRounds "7"]
[EventCountry "ENG"]
[SourceVersionDate "2023.04.22"]

1. d4 d6 2. e3 Nf6 3. Nf3 g6 4. Nbd2 Bg7 5. Bc4 O-O 6. a3 d5 7. Ba2 e6 8. Ne5
Nbd7 9. f4 h5 10. h3 b6 11. g4 Nxe5 12. fxe5 Nd7 13. gxh5 Qh4+ 14. Kf1 c5 15.
Nf3 Qxh5 16. c3 f6 17. Kg2 cxd4 18. exd4 fxe5 19. Nxe5 Nxe5 20. Qxh5 gxh5 21.
dxe5 Bb7 22. Re1 Rf5 23. Bd2 Bxe5 24. Bb1 d4+ 25. Kg1 Bh2+ 26. Kxh2 Rf2+ 27.
Kg3 Rxd2 28. cxd4 Rxd4 29. Rxe6 Rd1 30. Bh7+ Kxh7 31. Rxd1 Rg8+ 32. Kf4 Bc8 33.
Re7+ Kh8 34. h4 Rf8+ 35. Kg5 Rg8+ 36. Kh6 Bf5 37. Rd6 Rg6+ 38. Rxg6 Bxg6 39.
Kxg6 Kg8 40. Re8# 1-0

[Event "UK Armed Forces ch"]
[Site "Wittering"]
[Date "2023.04.17"]
[Round "7.30"]
[White "Harberd, Matthew"]
[Black "McBride, Robert"]
[Result "1-0"]
[WhiteElo "1323"]
[BlackElo "1350"]
[PlyCount "83"]
[EventDate "2023.04.14"]
[EventType "swiss"]
[EventRounds "7"]
[EventCountry "ENG"]
[SourceVersionDate "2023.04.22"]

1. e4 e5 2. f4 Nc6 3. Nf3 exf4 4. d4 d5 5. exd5 Qxd5 6. c4 Qa5+ 7. Bd2 Bb4 8.
d5 Bxd2+ 9. Nbxd2 Nce7 10. Bd3 Qb6 11. Qc2 Qe3+ 12. Kf1 Nf6 13. Re1 Ng4 14. Re2
Bf5 15. Bxf5 O-O 16. Bxg4 Qc5 17. Ne4 Qb6 18. c5 Qg6 19. Ne5 Qa6 20. Nd7 Nxd5
21. Ke1 Rfe8 22. Rd2 Ne3 23. Qb1 Nxg4 24. h3 Nf6 25. Ndxf6+ Qxf6 26. Kd1 Qf5
27. Re1 f3 28. g4 Qf4 29. Qd3 h6 30. Nc3 Rxe1+ 31. Kxe1 Re8+ 32. Kf2 Qh2+ 33.
Kxf3 Qxh3+ 34. Kf4 g5+ 35. Kf5 Qh4 36. Ne4 Kf8 37. Nf6 Rc8 38. Qd7 Ra8 39. Qxc7
Qe1 40. Rd8+ Rxd8 41. Qxd8+ Kg7 42. Qg8# 1-0

[Event "UK Armed Forces ch"]
[Site "Wittering"]
[Date "2023.04.17"]
[Round "7.31"]
[White "Stynes, Peri-Jake"]
[Black "Jennings, Jim"]
[Result "0-1"]
[WhiteElo "1000"]
[BlackElo "1358"]
[PlyCount "40"]
[EventDate "2023.04.14"]
[EventType "swiss"]
[EventRounds "7"]
[EventCountry "ENG"]
[SourceVersionDate "2023.04.22"]

1. e4 c5 2. c3 Nc6 3. d4 cxd4 4. cxd4 e5 5. Nf3 d6 6. Bb5 Nge7 7. d5 a6 8. dxc6
axb5 9. cxb7 Bxb7 10. Nc3 Bc6 11. Nd5 Nxd5 12. exd5 Bd7 13. O-O Bg4 14. Re1 Ra4
15. b3 Rd4 16. Qe2 e4 17. Qxb5+ Bd7 18. Qb7 Qa5 19. Qb8+ Ke7 20. Nxd4 Qxe1# 0-1

[Event "UK Armed Forces ch"]
[Site "Wittering"]
[Date "2023.04.17"]
[Round "7.39"]
[White "Dean, Nicholas"]
[Black "Lucas-Divers, Zamira"]
[Result "1/2-1/2"]
[WhiteElo "800"]
[BlackElo "800"]
[PlyCount "49"]
[EventDate "2023.04.14"]
[EventType "swiss"]
[EventRounds "7"]
[EventCountry "ENG"]
[SourceVersionDate "2023.04.22"]

1. e4 e5 2. Nf3 Nc6 3. Bb5 d6 4. Bxc6+ bxc6 5. Nc3 Be6 6. d4 f6 7. O-O c5 8. d5
Bd7 9. b3 Bc8 10. a3 Nh6 11. Bxh6 gxh6 12. Nd2 Ba6 13. Ne2 Rb8 14. Rb1 h5 15.
c4 Bh6 16. Nc3 Bxd2 17. Qxd2 O-O 18. Nb5 Rb7 19. f4 Qe8 20. Qa5 Bxb5 21. cxb5
Qg6 22. Qe1 Rfb8 23. f5 Qh6 24. Qg3+ Qg5 25. Qxg5+ 1/2-1/2